000
00234nam a22000857a 4500
999
_c
11565
_d
11565
008
190618b ||||| |||| 00| 0 eng d
100
_a
Gupta, Shards
_9
7273
245
_a
Home Science Class-9
260
_a
New Delhi
_b
New Sarraswasti
_c
2018